00874nam a2200217 a 4500001001000000003000900010005001700019008004100036020001800077040002500095082001700120100003400137245011700171260006000288300003800348490004200386500007100428650003500499650004400534651007800578000037892DO-SdBNP20240508073817.0130308s2012 dr ad 001 0 spa d a9789945074666 aDO-SdBNPbspacBNPHU a321.9bP128p1 aPagán Perdomo, Dato,d1921-10a¿Por qué lucha el pueblo dominicano? :bimperialismo y dictadura en América Latina /cDato Pagán Perdomo. aSanto Domingo :bArchivo General de la Nación,c2012. a31 p. :bil., gráfcs. ;c24 cm.1 aArchivo General de la Nación ;v177 aIncluye datos biográficos del autor en la solapa de la cubierta. 4aImperialismoyAMÉRICA LATINA 4aDemocraciaxEnsayos, conferencias, etc. 4aRepública DominicanaxPolítica Y GobiernoyERA DE TRUJILLO, 1930-1961